| 000 -LEADER |
| fixed length control field |
01318nam a22001577a 4500 |
| 008 - FIXED-LENGTH DATA ELEMENTS--GENERAL INFORMATION |
| fixed length control field |
210806b ||||| |||| 00| 0 eng d |
| 100 ## - MAIN ENTRY--PERSONAL NAME |
| Personal name |
Turner, Rodney |
| 245 ## - TITLE STATEMENT |
| Title |
How does governance influence decision making on projects and in project-based organizations? |
| 260 ## - PUBLICATION, DISTRIBUTION, ETC. (IMPRINT) |
| Place of publication, distribution, etc |
Project Management Journal |
| 300 ## - PHYSICAL DESCRIPTION |
| Extent |
51(6), Dec, 2020: p.670-684 |
| 520 ## - SUMMARY, ETC. |
| Summary, etc |
Research on the governance of project management suggests governmentality and governance are associated with improved project performance. However, the mechanism is unknown. We propose that they influence decision making, which, in turn, improves performance. Few articles on governance comment directly on how governance influences decision making. We identify six areas of organizational psychology that influence decision making, and study what research on the governance of project management suggests about how governance influences those six areas. We review 36 articles on the governance of project management published in the past six years in the three main journals in project management. – Reproduced |
| 650 ## - SUBJECT ADDED ENTRY--TOPICAL TERM |
| Topical term or geographic name as entry element |
Governance, Decision making, culture, Decision architecture, Situational awareness, Identity, Social representation |
| 9 (RLIN) |
26526 |
| 773 ## - HOST ITEM ENTRY |
| Main entry heading |
Project Management Journal |
| 906 ## - LOCAL DATA ELEMENT F, LDF (RLIN) |
| Subject DIP |
PUBLIC ADMINISTRATION |
| 942 ## - ADDED ENTRY ELEMENTS (KOHA) |
| Item type |
Articles |